01010 a2200253 4500003000500000005001700005010001600022020001500038040000900053082001400062245005600076260004800132300003400180440004500214505018700259650002200446650003700468650001900505650003600524700003100560942002300591999001900614952012300633NUST20221230184943.0 a 78002753 a0839112033 cNust00a363.6,NOI00aNoise and audiology /cedited by David M. Lipscomb. aBaltimore :bUniversity Park Press,cc1978. axii, 476 p. :bill. ;c24 cm. 0aPerspectives in audiology series9100441 aBackground Information (Page-3), Auditory of Noise Exposure (Page-83), Government activities in Noise Control (Page-245), Role of Audiologists in Noise Related Activities (Page-299). 0aAudiology.956919 0aDeafness, Noise induced.9106547 0aNoise control. 0aNoisexAdverse effects.91065481 aLipscomb, David M.9106549 2ddccBKk363.6,NOI c185766d185766 00102ddc4070aMCSbMCScGENd2016-12-12o363.6,NOIpMCS20779r2016-12-08w2016-12-12yBKzAlmirah No.54, Shelf No.1